Landkreise Deutschlands ohne Städtebezug - Statistiken

Allgemein
  • Dieses Quiz wurde 585 mal gespielt
    310 seit der letzten Aktualisierung
  • Das Durchschnittsergebnis liegt bei 50 aus 94
Antwortstatistiken
Landkreis Bundesland % Korrekt
Oberallgäu Bayern
73%
Ostallgäu Bayern
72%
Erzgebirgskreis Sachsen
71%
Main-Taunus-Kreis Hessen
69%
Mecklenburgische Seenplatte MV
69%
Nordfriesland SH
69%
Bodenseekreis BW
68%
Alb-Donau-Kreis BW
67%
Odenwaldkreis Hessen
67%
Saalekreis ST
66%
Unterallgäu Bayern
66%
Emsland Niedersachsen
65%
Friesland Niedersachsen
65%
Ostalbkreis BW
65%
Rhein-Neckar-Kreis BW
65%
Vogtlandkreis Sachsen
65%
Breisgau-Hochschwarzwald BW
64%
Main-Kinzig-Kreis Hessen
64%
Harz ST
63%
Nordwestmecklenburg MV
63%
Uckermark Brandenburg
63%
Havelland Brandenburg
62%
Ostholstein SH
62%
Main-Spessart Bayern
61%
Mittelsachsen Sachsen
61%
Bergstraße Hessen
59%
Elbe-Elster Brandenburg
59%
Hohenlohekreis BW
59%
Lahn-Dill-Kreis Hessen
59%
Oberhavel Brandenburg
59%
Hochtaunuskreis Hessen
58%
Main-Tauber-Kreis BW
58%
Nordsachsen Sachsen
58%
Oder-Spree Brandenburg
58%
Neckar-Odenwald-Kreis BW
57%
Spree-Neiße Brandenburg
57%
Ammerland Niedersachsen
56%
Dithmarschen SH
56%
Ortenaukreis BW
56%
Vogelsbergkreis Hessen
56%
Sächsische Schweiz-Osterzgebirge Sachsen
55%
Rhein-Pfalz-Kreis RLP
54%
Südliche Weinstraße RLP
54%
Donau-Ries Bayern
53%
Heidekreis Niedersachsen
53%
Hochsauerlandkreis NRW
53%
Prignitz Brandenburg
53%
Rheingau-Taunus-Kreis Hessen
53%
Rhein-Hunsrück-Kreis RLP
53%
Rhein-Lahn-Kreis RLP
53%
Barnim Brandenburg
52%
Märkischer Kreis NRW
52%
Rhein-Sieg-Kreis NRW
52%
Schwarzwald-Baar-Kreis BW
52%
Werra-Meißner-Kreis Hessen
52%
Westerwaldkreis RLP
52%
Wetteraukreis Hessen
52%
Schwalm-Eder-Kreis Hessen
51%
Dahme-Spreewald Brandenburg
50%
Enzkreis BW
50%
Märkisch-Oderland Brandenburg
50%
Saale-Orla-Kreis Thüringen
50%
Vorpommern-Rügen MV
50%
Vulkaneifel RLP
50%
Zollernalbkreis BW
50%
Börde ST
49%
Burgenlandkreis ST
49%
Rhein-Erft-Kreis NRW
49%
Saarpfalz-Kreis Saarland
49%
Südwestpfalz RLP
47%
Saale-Holzland-Kreis Thüringen
46%
Rheinisch-Bergischer Kreis NRW
45%
Stormarn SH
45%
Ilm-Kreis Thüringen
44%
Kyffhäuserkreis Thüringen
44%
Rems-Murr-Kreis BW
44%
Salzlandkreis ST
44%
Unstrut-Hainich-Kreis Thüringen
44%
Wartburgkreis Thüringen
44%
Oberspreewald-Lausitz Brandenburg
43%
Eichsfeld Thüringen
42%
Ennepe-Ruhr-Kreis NRW
42%
Rhön-Grabfeld Bayern
42%
Oberbergischer Kreis NRW
41%
Steinburg SH
41%
Wesermarsch Niedersachsen
41%
Lippe NRW
40%
Donnersbergkreis RLP
39%
Haßberge Bayern
36%
Schaumburg Niedersachsen
34%
Harburg Niedersachsen
33%
Rottal-Inn Bayern
33%
Teltow-Fläming Brandenburg
33%
Ostprignitz-Ruppin Brandenburg
26%
Keine übereinstimmenden Quizze gefunden
Verteilung der Resultate
Anzahl Personen mit jedem Resultat
Perzentil nach korrekt beantworteten Fragen
Ihre Resultats-Entwicklung
Sie haben dieses Quiz seit der letzten Aktualisierung nicht gespielt